Revista de derecho de daños 2009 - 3 : daños a la persona. /
Guardado en:
| Formato: | Libro |
|---|---|
| Idioma: | Spanish |
| Publicado: |
Santa Fe :
Rubinzal-Culzoni,
2009
|
| Edición: | 1a. ed. |
| Materias: | |
| Etiquetas: |
Agregar Etiqueta
Sin Etiquetas, Sea el primero en etiquetar este registro!
|
| LEADER | 00683nam a22002055a 4500 | ||
|---|---|---|---|
| 001 | DER.der009472 | ||
| 008 | 180615s2009####|||||||||||||||||#||spa|| | ||
| 005 | 20231010163116.0 | ||
| 245 | 1 | 0 | |a Revista de derecho de daños 2009 - 3 : |b daños a la persona. / |c Mosset Iturraspe, Jorge. |
| 250 | |a 1a. ed. | ||
| 260 | |a Santa Fe : |b Rubinzal-Culzoni, |c 2009 | ||
| 300 | |a 648 p. | ||
| 020 | |a 978-987-30-0067-6 | ||
| 700 | 1 | |a Mosset Iturraspe, Jorge, |e dir. | |
| 700 | 1 | |a Lorenzetti, Ricardo Luis, |e dir. | |
| 650 | 7 | |a INCAPACIDAD | |
| 650 | 7 | |a DAÑO ESTETICO | |
| 650 | 7 | |a CUANTIFICACION DEL DAÑO EXTRAPATRIMONIAL | |
| 650 | 7 | |a DAÑO AL PROYECTO DE VIDA | |
| 859 | |a DERECHO |b BIB. DERECHO |h 346 |i REV |p 006213 | ||
